000 01569nam a2200337 a 4500
001 12781
003 BD-JhCC
005 20230512194925.0
008 230512s2011 enk b 001 0 eng d
020 _a9781565643710
035 _a(BD-JhCC)12781
038 _aOCoLC
040 _aNLE
_cNLE
_dGHS
_dUkOxU
_dBD-JhCC
049 _lo
050 4 _aKBP144
_b.F368 2011
082 _a340.5909
_bFAR 2011
090 _aSOA
_bA345.6 /755568
100 1 _aFarooq, Mohammad Omar.
245 1 0 _aToward our reformation :
_bfrom legalism to value-oriented Islamic law and jurisprudence /
_cMohammad Omar Farooq.
260 _aLondon ;
_aWashington [D.C.] :
_bInternational Institute of Islamic Thought,
_cc2011.
300 _axxi, 323 p. ;
_c23 cm.
504 _aIncludes bibliographical references (p. 273-314) and index.
505 0 _aForeword / Mohammad Nejatullah Siddiqi -- Preface: The prophetic Sunnah: a methodological vision / Taha Jabir Alalwani -- Introduction -- Shariʻah, law and the Qurʾan: legalism vs. value-orientation -- Islamic law and the use and abuse of Hadith -- The doctrine of ijmaʻ: is there a consensus? -- Qiyās (analogical reasoning) and some problematic issues in Islamic law -- Islamic fiqh (law) and the neglected empirical foundation -- Conclusion: toward our reformation.
650 0 _aIslamic law
_xPhilosophy.
650 0 _aIslam
_xCustoms and practices.
650 0 _aHadith.
650 0 _aIjmāʻ (Islamic law)
650 0 _aQiyās (Islamic law)
710 2 _aInternational Institute of Islamic Thought.
942 _2ddc
_cBK
999 _c12781
_d12781